[Event "17th Delhi GM Open 2019"]
[Site "Delhi"]
[Date "2019.01.11"]
[Round "4"]
[White "Stupak, Kirill"]
[Black "Manik, Mikulas"]
[Result "1/2-1/2"]
[WhiteElo "2542"]
[BlackElo "2413"]
[Annotator "TA"]
[PlyCount "96"]
[EventDate "2019.01.09"]
[EventType "swiss"]
[EventCountry "IND"]
[SourceTitle "playchess.com"]
[Source "ChessBase"]
[SourceQuality "1"]

{[%evp 11,96,8,26,15,16,17,27,12,24,17,19,13,68,49,91,91,103,103,93,97,135,69,77,70,101,105,154,161,171,165,156,117,120,120,120,119,121,121,129,131,129,131,129,126,129,109,134,120,133,112,109,110,106,105,111,86,90,97,89,78,78,73,94,89,89,94,101,60,79,69,69,69,69,0,8,8,7,4,5,5,8,0,0,0,0,0,0]} 1. d4 Nf6 2. g3 g6 3. Bg2 d5 4. c4 c6 5. Qa4 Bg7 6. cxd5 {D71: Fianchetto Grünfeld: 3 g3 d5 sidelines and 5 cxd5 (without Nf3)} O-O {LiveBook: 4 Games} 7. dxc6 Nxc6 8. Nf3 Nd5 {[%cal Bf6d5,Bd5b6,Bb6c4][%mdl 32]} 9. O-O $146 ({Predecessor:} 9. Nc3 Nb6 10. Qd1 Bg4 11. O-O Bxf3 12. Bxf3 Qxd4 13. Qxd4 Bxd4 14. Bxc6 bxc6 {½-½ (20) Edouard,R (2646)-Jones,G (2677) Batumi 2018}) 9... Nb6 10. Qa3 Nxd4 11. Nxd4 Qxd4 (11... Nc4 $11 12. Qb4 Qxd4) 12. Nc3 $14 Qf6 13. Rd1 Nc4 14. Qc5 Be6 15. Bxb7 Rad8 {[#]} 16. Bg5 (16. Rxd8 $1 $16 Rxd8 17. Bg5 (17. Qxa7 Qd4 $16)) 16... Qe5 17. Bxe7 Qxc5 18. Bxc5 Rxd1+ 19. Rxd1 Re8 20. Nd5 ({Much weaker is} 20. Bxa7 $6 Nxb2 21. Rd4 Nc4 $11) 20... Nxb2 21. Rc1 Rd8 22. Ne7+ Kh8 23. Nc6 Rd2 24. Be3 Rd1+ 25. Rxd1 Nxd1 26. Bxa7 {aiming for a4.} Bxa2 27. e4 Bc4 28. Kg2 Nc3 29. f3 Kg8 30. Ne7+ Kf8 31. Nc8 Be6 32. Bc5+ Ke8 33. Nb6 f5 34. Bc6+ Kf7 35. exf5 Bxf5 36. Nc4 Be6 37. Nd6+ Kg8 38. Kf2 Bd5 39. Be8 Be5 40. Bd7 Nd1+ 41. Kg2 Ne3+ 42. Kf2 (42. Bxe3 $14 Bxd6 43. Kf2) 42... Nd1+ $11 {The position is equal.} 43. Ke2 Nc3+ 44. Kd3 {Black should prevent f4.} Bxf3 45. Be6+ Kg7 46. Nf7 Bf6 47. Be3 {[#] Strongly threatening Bh6+.} Be4+ 48. Kc4 {Threatens to win with Bh6+.} Bd5+ {Accuracy: White = 64%, Black = 53%.} 1/2-1/2

[Event "17th Delhi GM Open 2019"]
[Site "Delhi"]
[Date "2019.01.11"]
[Round "4"]
[White "Tran, Tuan Minh"]
[Black "Prasannaa.s"]
[Result "*"]
[WhiteElo "2541"]
[BlackElo "2268"]
[Annotator "TA"]
[PlyCount "48"]
[EventDate "2019.01.09"]
[EventType "swiss"]
[EventCountry "IND"]
[SourceTitle "playchess.com"]
[Source "ChessBase"]
[SourceQuality "1"]

{[%evp 13,48,56,76,82,88,69,97,86,111,93,104,83,84,-381,107,0,78,76,126,0,79,0,120,118,119,113,140,137,128,135,141,123,168,168,180,168,209]} 1. c4 Nf6 2. Nc3 e6 3. e4 d5 4. e5 d4 5. exf6 dxc3 6. bxc3 {[%cal Bb2c3,Bc3d4][%mdl 32]} gxf6 {A18: English Opening: Flohr-Mikenas System (1 c4 Nf6 2 Nc3 e6 3 e4)} (6... Qxf6 7. Nf3 b6 8. d4 Bb7 9. Bd3 h6 10. O-O Bd6 11. Nd2 O-O 12. Re1 Qh4 13. h3 c5 14. Ne4 Bc7 15. Rb1 Nd7 16. Nxc5 Nxc5 17. dxc5 {½-½ (26) Radjabov,T (2751)-Wojtaszek,R (2727) Batumi 2018}) 7. d4 Nd7 {LiveBook: 3 Games} 8. Bd3 c5 {White is better.} 9. Ne2 $146 ({Predecessor:} 9. d5 Ne5 10. Bc2 Nxc4 11. Qe2 Qxd5 12. Be4 Qe5 13. Qxc4 f5 14. f3 {½-½ (37) Seyl,F (1838)-Esser,M (2021) Germany 2012}) 9... cxd4 10. cxd4 Qa5+ {[#]} 11. Kf1 $1 f5 12. a4 Nf6 13. Nc3 $2 {[%mdl 8192]} (13. Qb3 $16 {keeps the pressure on.}) 13... Nd7 $2 ({Black should try} 13... Qxc3 $19 14. Be3 Ng4) 14. Ne2 Nf6 $1 15. Qb3 Nd7 16. Qd1 Nf6 $1 17. Qb3 ({Better is} 17. Bg5 $16 Be7 18. Rb1) 17... b6 (17... Nd7 $1 $11) 18. f3 Rg8 19. Kf2 Bb7 20. Qb5+ Qxb5 21. axb5 Bd6 22. Bf4 Ke7 23. Bxd6+ Kxd6 24. Ra3 e5 {Accuracy: White = 43%, Black = 31%.} *

[Event "17th Delhi GM Open 2019"]
[Site "Delhi"]
[Date "2019.01.11"]
[Round "4"]
[White "Debashis, Das"]
[Black "Sardana, Rishi"]
[Result "1-0"]
[WhiteElo "2538"]
[BlackElo "2398"]
[Annotator "TA"]
[PlyCount "141"]
[EventDate "2019.01.09"]
[EventType "swiss"]
[EventCountry "IND"]
[SourceTitle "playchess.com"]
[Source "ChessBase"]
[SourceQuality "1"]

{[%evp 26,141,28,27,38,20,18,30,24,0,0,0,0,0,0,0,0,0,0,0,0,0,0,0,0,0,5,0,125,0,0,-6,0,0,0,-12,0,-19,-14,-24,-22,-40,-12,0,-1,-35,-22,-39,-28,-29,13,6,10,10,6,9,0,0,0,0,0,0,0,0,0,0,0,0,0,0,0,0,0,0,0,0,0,0,0,0,0,0,0,0,0,0,0,0,0,0,222,227,227,221,224,228,229,224,217,223,220,225,217,106,218,218,187,178,361,361,361,354,354,354,339,328,314,288]} 1. d4 Nf6 2. c4 e6 3. Nc3 d5 4. cxd5 exd5 5. Bg5 c6 6. Qc2 Be7 7. e3 Nbd7 8. Bd3 h6 9. Bh4 Nh5 10. Bxe7 {D36: Queen's Gambit Declined: Exchange Variation: Main line (5 Bg5 c6 6 Qc2)} Qxe7 11. Nf3 Nhf6 12. O-O-O Nb6 13. Kb1 Bg4 14. Rc1 {LiveBook: 3 Games} Nfd7 {[#]} 15. Nd2 $146 ({Predecessor:} 15. Ka1 O-O-O 16. Nd2 Kb8 17. Na4 Nxa4 18. Qxa4 {½-½ (64) Aronian,L (2777)-Carlsen,M (2865) Baden-Baden 2015}) 15... Be6 16. h3 O-O-O 17. Na4 Nxa4 18. Qxa4 Kb8 19. Rc3 Nb6 20. Qa5 Qf6 21. Ra3 $36 {[%mdl 2048] White fights for an advantage.} Nc8 22. Nf3 Bf5 23. Ne5 Bxd3+ 24. Nxd3 Qe7 25. Rc1 Rhe8 26. Rb3 Qc7 {[#]} (26... Ka8 $11 {remains equal.}) 27. Qe1 ({White has to play} 27. Nb4 $1 $16 {[%cal Rb4a6] Na6+ would kill now.} Qxa5 28. Nxc6+ {[%mdl 64] Double Attack} Ka8 29. Nxa5) 27... Ka8 $11 28. Ka1 g5 29. Qd1 Nd6 30. Nc5 f6 31. Qc2 Qf7 32. a4 Rc8 33. Rc3 Qc7 34. Qg6 Qe7 35. Qc2 ({Don't blunder} 35. Qxh6 $2 Qf7 $19) 35... f5 36. Nd3 {[#]} f4 $1 {[%mdl 512]} 37. exf4 gxf4 38. Nxf4 Qe4 39. Qxe4 Rxe4 40. Nxd5 Rxd4 41. Ne3 Rxa4+ 42. Kb1 Ne4 43. R3c2 Rd4 {Hoping for ...Nd2+.} 44. Rd1 Rxd1+ 45. Nxd1 {[%mdl 4096] Endgame KRN-KRN} Rd8 46. Kc1 Kb8 47. Re2 Nc5 48. Kc2 Nd3 49. Ne3 Nb4+ 50. Kc1 Nd3+ 51. Kc2 Nb4+ 52. Kb1 a5 53. g4 Rd4 54. h4 {[%cal Bh3h4,Bh4g5,Bg5g6,Bg6g7][%mdl 32]} Kc7 55. Re1 Rf4 56. g5 hxg5 $1 ({Wrong is} 56... Rxf2 $2 57. g6 $18) 57. hxg5 {aiming for g6.} Nd3 $2 {[#]} (57... Nd5 $11 {and Black is okay.}) 58. g6 $1 $18 {[%cal Rg6g7]} Rf8 (58... Nxe1 $2 {is the wrong capture.} 59. g7 $18) 59. Rg1 {And now g7 would win.} Nf4 60. g7 Rg8 61. Nf5 Ne6 62. Rg6 Kd7 63. Rf6 {Black must now prevent Rf7+.} Nxg7 64. Rg6 (64. Rf7+ $18 {and the rest is easy.} Ke6 65. Rxg7 Rxg7 66. Nxg7+ Kf6 67. Nh5+ Kg5 68. Ng3) 64... Rf8 (64... Nxf5 $16 65. Rxg8 Nd6) 65. Rxg7+ {KRN-KR} Ke6 66. Ne3 Rxf2 $2 (66... b5 67. Rg6+ Ke5 68. Rxc6 Rxf2) 67. Rxb7 a4 68. Ra7 Rf4 69. Nd1 Kd6 70. Nc3 Rb4 71. Rxa4 {Accuracy: White = 60%, Black = 70%.} 1-0

[Event "17th Delhi GM Open 2019"]
[Site "Delhi"]
[Date "2019.01.11"]
[Round "4"]
[White "Debashis, Das"]
[Black "Sardana, Rishi"]
[Result "*"]
[WhiteElo "2538"]
[BlackElo "2398"]
[Annotator "TA"]
[PlyCount "35"]
[EventDate "2019.01.09"]
[EventType "swiss"]
[EventCountry "IND"]
[SourceTitle "playchess.com"]
[Source "ChessBase"]
[SourceQuality "1"]

{[%evp 26,28,22,25,35]} 1. d4 {CB} Nf6 2. c4 e6 3. Nc3 d5 4. cxd5 exd5 5. Bg5 c6 6. Qc2 Be7 7. e3 Nbd7 8. Bd3 h6 9. Bh4 Nh5 10. Bxe7 {D36: Queen's Gambit Declined: Exchange Variation: Main line (5 Bg5 c6 6 Qc2)} Qxe7 11. Nf3 Nhf6 12. O-O-O Nb6 13. Kb1 Bg4 14. Rc1 {LiveBook: 3 Games} Nfd7 {[#]} {Predecessor:} 15. Ka1 $146 O-O-O 16. Nd2 Kb8 17. Na4 Nxa4 18. Qxa4 {½-½ (64) Aronian,L (2777)-Carlsen,M (2865) Baden-Baden 2015 CBM 165 [CB]} *

[Event "17th Delhi GM Open 2019"]
[Site "Delhi"]
[Date "2019.01.11"]
[Round "4"]
[White "Mosadeghpour, Masoud"]
[Black "Ameir, Moheb"]
[Result "1-0"]
[WhiteElo "2517"]
[BlackElo "2309"]
[Annotator "TA"]
[PlyCount "73"]
[EventDate "2019.01.09"]
[EventType "swiss"]
[EventCountry "IND"]
[SourceTitle "playchess.com"]
[Source "ChessBase"]
[SourceQuality "1"]

{[%evp 22,73,27,26,27,18,27,-67,21,0,27,19,26,14,77,70,83,81,101,86,114,101,102,102,104,64,77,76,80,77,67,76,84,78,65,84,80,73,75,56,198,185,195,214,315,300,508,506,487,503,485,427,29992,29993]} 1. e4 e5 2. Nf3 Nc6 3. Bb5 Nf6 4. d3 Bc5 5. c3 {[%cal Bc2c3,Bc3d4,Bd4d5][%mdl 32]} O-O 6. Nbd2 d6 7. O-O a6 {C65: Ruy Lopez: Berlin Defence (3...Nf6), unusual lines and 4 0-0 Bc5} 8. Bxc6 bxc6 9. d4 exd4 10. cxd4 Bb6 11. Qc2 c5 12. d5 {LiveBook: 6 Games} Re8 13. Re1 Bg4 14. Rf1 ({White should play} 14. b3 $11) 14... Bc8 (14... Qe7 $15) 15. Re1 Bg4 16. b3 Ba5 17. Re3 Bxd2 (17... Bxf3 $11 18. Nxf3 Qe7) 18. Nxd2 $16 {[#]} Nh5 $146 19. Bb2 Nf4 20. Rae1 f6 {[%cal Bf7f6,Bf6f5,Bf5f4][%mdl 32]} 21. Nc4 Qe7 22. Qd2 Bd7 23. a4 Ng6 24. Rg3 f5 25. e5 {[%cal Be4e5,Be5e6][%mdl 32] Threatens to win with e6.} f4 26. Rxg6 hxg6 27. e6 Rab8 28. Na5 $1 ({Not} 28. Qxf4 Rxb3 29. Ba1 Reb8 $17) 28... Rb6 29. Bc3 Bc8 30. Qxf4 {[#] Strongly threatening Qg4.} Bb7 (30... Qf8 $1 $14 31. Qc4 Qf5) 31. Qg4 $18 {[%mdl 1024] White has strong compensation.} g5 32. Qd1 {Hoping for Re3.} Ba8 (32... Rf8 {is a better defense.} 33. Nc4 Rxb3 34. Qxb3 Bxd5) 33. Re3 {[%cal Be1e3,Be3h3,Bh3h5][%mdl 32]} Rf8 $2 (33... Rb4 {was necessary.} 34. Bxb4 cxb4) 34. Rh3 {Threatening mate with Qh5.} Rf4 35. g3 g4 {[#] aiming for ...Rf3.} 36. Rh5 $1 {Qd3 would kill now.} ({Weaker is} 36. gxf4 gxh3 37. Nc4 Rb8 $16) 36... Rf3 (36... Re4 $18 37. Nc4 Rb8) 37. Qc2 {Precision: White = 79%, Black = 45%.} 1-0

[Event "17th Delhi GM Open 2019"]
[Site "Delhi"]
[Date "2019.01.11"]
[Round "4"]
[White "Mosadeghpour, Masoud"]
[Black "Ameir, Moheb"]
[Result "*"]
[WhiteElo "2517"]
[BlackElo "2309"]
[Annotator "TA"]
[PlyCount "29"]
[EventDate "2019.01.09"]
[EventType "swiss"]
[EventCountry "IND"]
[SourceTitle "playchess.com"]
[Source "ChessBase"]
[SourceQuality "1"]

{[%evp 21,22,13,21]} 1. e4 e5 2. Nf3 Nc6 3. Bb5 Nf6 4. d3 Bc5 5. c3 O-O 6. Nbd2 d6 7. O-O a6 {C65: Ruy Lopez: Berlin Defence (3...Nf6), unusual lines and 4 0-0 Bc5} 8. Bxc6 bxc6 9. d4 exd4 10. cxd4 Bb6 11. Qc2 c5 {LiveBook: 7 Games} {Predecessor:} 12. d5 $146 Re8 13. b3 Bg4 14. Bb2 Bh5 15. Rae1 {1-0 (57) Anand,V (2782)-Grischuk,A (2772) Riadh 2017} *

[Event "17th Delhi GM Open 2019"]
[Site "Delhi"]
[Date "2019.01.11"]
[Round "4"]
[White "Movsziszian, Karen"]
[Black "Neelash Saha"]
[Result "0-1"]
[WhiteElo "2514"]
[BlackElo "2300"]
[Annotator "TA"]
[PlyCount "132"]
[EventDate "2019.01.09"]
[EventType "swiss"]
[EventCountry "IND"]
[SourceTitle "playchess.com"]
[Source "ChessBase"]
[SourceQuality "1"]

{[%evp 11,132,-2,6,-16,0,0,0,0,0,0,0,0,0,0,0,0,0,0,0,0,0,-71,-71,-68,-59,-67,-64,-62,-64,-97,-80,-18,-47,-106,-106,-144,0,-130,-135,-121,-4,-121,-109,-121,-110,-110,-18,-14,-8,-8,0,-7,0,0,0,0,0,-8,-8,-8,0,0,0,0,0,0,0,0,0,-18,0,0,0,0,0,0,0,0,0,0,0,-25,-20,-27,-27,-27,-27,-27,-29,-29,-18,-171,-158,-385,-385,-385,-385,-385,-381,-526,-520,-569,-569,-657,-661,-653,-597,-749,-732,-735,-725,-669,-580,-886,-888,-1007,-957,-1470,-1233,-1685,-1522,-2067,-2013]} 1. e4 c5 2. d3 Nc6 3. g3 g6 4. Bg2 Bg7 5. f4 d6 6. Nh3 Nf6 {LiveBook: 5 Games. B20: Sicilian: Unusual White 2nd moves} 7. O-O Bg4 (7... O-O 8. Nf2 Nd7 9. Nd2 Rb8 10. h4 b5 11. h5 b4 12. Nf3 Nf6 13. hxg6 hxg6 14. Nh4 {0-1 (41) Rapport,R (2721)-Anton Guijarro,D (2639) Gibraltar 2016}) 8. Qe1 $146 ({Predecessor:} 8. Qd2 h5 9. Qf2 Nh7 10. Nc3 Qd7 11. f5 gxf5 12. Nf4 {1-0 (47) Rustamov,A (2205)-Sultanov,I (2157) Tashkent 2012}) 8... Nd4 {The position is equal.} 9. Rf2 Qd7 10. Qf1 $1 h5 11. Ng5 h4 $36 {[%mdl 2048] White is under pressure.} 12. gxh4 $1 Rxh4 13. c3 Nh5 14. cxd4 Bxd4 15. Nd2 Nxf4 $1 16. Ndf3 (16. Kh1 $1 $11 Nh5 17. Kg1) 16... Bxf3 $1 $17 17. Nxf3 Bxf2+ 18. Qxf2 Nh3+ 19. Bxh3 $1 Rxh3 20. Bf4 Qg4+ 21. Bg3 f5 {Strongly threatening ...f4.} 22. exf5 (22. Nd2 $15) 22... gxf5 23. Nd2 e5 ({Black should play} 23... O-O-O $1 $17 24. Rf1 Rh5) 24. Qf3 (24. Nc4 $1 $11 f4 25. Nxd6+ {[%mdl 64] Double Attack} Ke7 26. Nc4 (26. Nxb7 $2 fxg3 27. Qxc5+ Kf7 $19) 26... fxg3 27. Qxc5+ {[%mdl 64] Double Attack} Kf6 28. Rf1+ (28. Qxe5+ $2 Kg6 $19) 28... Kg7 29. Qxe5+ Kh7 30. Ne3) 24... Qxf3 25. Nxf3 Kd7 ({Better is} 25... Rh8 $17 {Threatening ...Ke7.} 26. Ng5 Ke7) 26. Kg2 (26. Nh4 $1 $11 {was the only way to keep the balance.}) 26... Rh5 27. h4 Rg8 28. Ng5 Rhxg5 (28... b6 $17 29. Rf1 Rf8) 29. hxg5 $11 Rxg5 $17 {[%mdl 4096] Endgame White must now prevent ...f4. KRB-KR} 30. Kf3 Rg4 31. b3 Ke6 32. Rh1 Rg7 33. Rh6+ Kd5 34. Rf6 f4 35. Bf2 b5 36. Rf8 Rh7 37. Ra8 Rc7 38. Bg1 Rg7 39. Bf2 Rh7 40. Rd8 Kc6 41. Ra8 Kb7 42. Rd8 Kc7 43. Ra8 Kc6 44. Rc8+ Kd5 45. Ra8 b4 46. Rd8 Rh1 47. Rd7 Rd1 48. Ke2 Rb1 {And now ...Rb2+ would win.} 49. Rxa7 Rb2+ 50. Ke1 $1 f3 51. Bh4 $2 (51. Rf7 $11) 51... Re2+ $19 {[%mdl 1024] Black has strong compensation.} 52. Kd1 $2 (52. Kf1 $17 Rd2 53. Ke1 Rxd3 54. Bf2) 52... Rh2 53. Bg3 Rg2 54. Bh4 Kd4 $1 ({Less strong is} 54... Rh2 55. Bg3 $17) 55. Rd7 d5 {Black is clearly winning.} 56. Ke1 {[#]} Ke3 $1 {[%cal Rg2g1]} 57. Kf1 Rxa2 {( -> ...Ra1+)} 58. Bg5+ Kd4 59. Bh4 {[#]} Ra1+ $1 60. Kf2 Rd1 61. Kxf3 Rxd3+ {[%mdl 64] Double Attack} 62. Ke2 Rxb3 63. Rg7 Kc4 64. Bf6 d4 65. Re7 Re3+ 66. Kf2 b3 {Accuracy: White = 46%, Black = 64%.} 0-1

[Event "17th Delhi GM Open 2019"]
[Site "Delhi"]
[Date "2019.01.11"]
[Round "4"]
[White "Gukesh D"]
[Black "Predke, Alexandr"]
[Result "1/2-1/2"]
[WhiteElo "2497"]
[BlackElo "2620"]
[Annotator "TA"]
[PlyCount "60"]
[EventDate "2019.01.09"]
[EventType "swiss"]
[EventCountry "IND"]
[SourceTitle "playchess.com"]
[Source "ChessBase"]
[SourceQuality "1"]

{[%evp 14,60,18,34,40,16,23,15,10,19,18,1,25,9,25,25,32,28,25,29,32,17,23,24,28,26,40,26,32,34,38,26,23,35,35,7,13,12,16,0,4,0,0,0,0,0,21,22,13]} 1. Nf3 d5 2. g3 Nc6 3. d4 Bg4 4. Bg2 Qd7 5. O-O Bh3 6. Bxh3 {D02: 1 d4 d5 2 Nf3 sidelines, including 2...Nf6 3 g3 and 2...Nf6 3 Bf4} Qxh3 7. c4 e6 8. Nc3 {LiveBook: 9 Games} dxc4 9. d5 $146 ({Predecessor:} 9. e4 Nf6 10. Nb5 Rd8 11. Nxc7+ Kd7 12. Nb5 Nxe4 13. Qa4 {0-1 (29) Smejkal,J (2525)-Kavalek,L (2520) Ceska Trebova 1998}) 9... exd5 10. Qxd5 Qe6 11. Qxe6+ fxe6 12. Nb5 Bd6 13. Nd2 a6 14. Nxd6+ cxd6 15. Nxc4 Ke7 16. Be3 Nf6 17. Rfd1 Rad8 18. Rac1 h6 19. Rd3 Rhe8 20. Bb6 Rd7 21. Rcd1 {[%cal Rd3d6]} Nd5 22. e4 Nxb6 23. Nxb6 Rdd8 24. Nc4 Ne5 {The position is equal.} (24... Rf8 {looks sharper.} 25. a4 b5 26. axb5 axb5 27. Na3 b4) 25. Nxe5 dxe5 26. Rxd8 Rxd8 27. Rxd8 Kxd8 $11 {KP-KP} 28. Kf1 Ke7 29. Ke2 g6 30. Kd3 Kd6 {Accuracy: White = 60%, Black = 39%.} 1/2-1/2

[Event "17th Delhi GM Open 2019"]
[Site "Delhi"]
[Date "2019.01.11"]
[Round "4"]
[White "Gukesh D"]
[Black "Predke, Alexandr"]
[Result "*"]
[WhiteElo "2497"]
[BlackElo "2620"]
[Annotator "TA"]
[PlyCount "25"]
[EventDate "2019.01.09"]
[EventType "swiss"]
[EventCountry "IND"]
[SourceTitle "playchess.com"]
[Source "ChessBase"]
[SourceQuality "1"]

{[%evp 13,14,35,50]} 1. Nf3 d5 2. g3 Nc6 3. d4 Bg4 4. Bg2 Qd7 5. O-O Bh3 6. Bxh3 {D02: 1 d4 d5 2 Nf3 sidelines, including 2...Nf6 3 g3 and 2...Nf6 3 Bf4} Qxh3 7. c4 e6 $1 {LiveBook: 10 Games} {Predecessor:} 8. Nc3 $146 Nf6 9. cxd5 exd5 10. Bg5 O-O-O 11. Bxf6 gxf6 12. e3 Rg8 13. Kh1 {1-0 (51) Pantsulaia,L (2616)-Petkov,V (2534) Izmir 2015} *

[Event "17th Delhi GM Open 2019"]
[Site "Delhi"]
[Date "2019.01.11"]
[Round "4"]
[White "Swapnil, S. Dhopade"]
[Black "Soham Datar"]
[Result "1-0"]
[WhiteElo "2487"]
[BlackElo "2122"]
[Annotator "TA"]
[PlyCount "46"]
[EventDate "2019.01.09"]
[EventType "swiss"]
[EventCountry "IND"]
[SourceTitle "playchess.com"]
[Source "ChessBase"]
[SourceQuality "1"]

{[%evp 15,16,27,49]} 1. d4 d5 2. c4 c6 3. Nf3 Nf6 4. Qc2 g6 5. Bf4 dxc4 6. Qxc4 Bg7 7. Nc3 Nbd7 8. e4 O-O {LiveBook: 8 Games} {Predecessor:} 9. Be2 $146 Nb6 10. Qd3 Bg4 11. Rd1 Nfd7 12. Bg5 Qe8 13. O-O Rd8 14. Qe3 f6 15. Bh4 Kh8 16. h3 Bxf3 17. Bxf3 Nc4 18. Qe2 Nd6 19. Bg4 e5 20. d5 Nb6 21. Be6 Na8 22. Bg3 Nc7 23. Bg4 Ncb5 {½-½ (23) Legky,N (2490)-Djuric,S (2545) Montpellier 1997} 1-0

[Event "17th Delhi GM Open 2019"]
[Site "Delhi"]
[Date "2019.01.11"]
[Round "4"]
[White "Swapnil, S. Dhopade"]
[Black "Soham Datar"]
[Result "*"]
[WhiteElo "2487"]
[BlackElo "2122"]
[Annotator "TA"]
[PlyCount "30"]
[EventDate "2019.01.09"]
[EventType "swiss"]
[EventCountry "IND"]
[SourceTitle "playchess.com"]
[Source "ChessBase"]
[SourceQuality "1"]

{[%evp 9,10,9,42]} 1. d4 d5 2. c4 c6 3. Nf3 Nf6 4. Qc2 g6 5. Bf4 dxc4 {LiveBook: 113 Games} (5... Bf5 $5 {[%cal Rf5c2]} 6. Qb3 Qb6 $11) {Predecessor:} 6. Qxc4 $146 Bg7 7. e3 O-O 8. Be2 Be6 9. Qc2 Bf5 10. Qc1 Nbd7 11. Nc3 c5 12. O-O Rc8 13. d5 Nb6 14. Rd1 Nbxd5 15. Nxd5 Nxd5 {0-1 (51) Dubov,D (2661)-Malakhov,V (2694) Berlin 2015} *

[Event "17th Delhi GM Open 2019"]
[Site "Delhi"]
[Date "2019.01.11"]
[Round "4"]
[White "Rahman, Ziaur"]
[Black "Aleksandrov, Aleksej"]
[Result "*"]
[WhiteElo "2470"]
[BlackElo "2582"]
[Annotator "TA"]
[PlyCount "35"]
[EventDate "2019.01.09"]
[EventType "swiss"]
[EventCountry "IND"]
[SourceTitle "playchess.com"]
[Source "ChessBase"]
[SourceQuality "1"]

{[%evp 12,13,8,6]} 1. d4 Nf6 2. Nf3 e6 3. Bf4 c5 4. e3 Nc6 5. Nbd2 Be7 6. h3 {A46: 1 d4 Nf6 2 Nf3 e6: Torre, London and Colle Systems} O-O 7. c3 {LiveBook: 28 Games} {Predecessor:} b6 $146 8. Bd3 Bb7 9. O-O cxd4 10. exd4 d6 11. Bh2 g6 12. Qe2 Re8 13. Rfe1 Bf8 14. a4 Rc8 15. Nc4 d5 16. Nce5 Nxe5 17. Bxe5 a5 18. Bb5 {1-0 (45) Li,C (2720)-Yudasin,L (2517) chess.com INT 2017} *

[Event "17th Delhi GM Open 2019"]
[Site "Delhi"]
[Date "2019.01.11"]
[Round "4"]
[White "Rahman, Ziaur"]
[Black "Aleksandrov, Aleksej"]
[Result "1/2-1/2"]
[WhiteElo "2470"]
[BlackElo "2582"]
[Annotator "TA"]
[PlyCount "80"]
[EventDate "2019.01.09"]
[EventType "swiss"]
[EventCountry "IND"]
[SourceTitle "playchess.com"]
[Source "ChessBase"]
[SourceQuality "1"]

{[%evp 16,80,43,26,36,30,33,18,26,25,29,27,46,39,38,11,10,26,14,2,5,0,0,-12,-10,-22,42,41,18,34,14,23,35,29,30,37,27,18,14,20,51,49,47,47,47,31,32,42,55,47,37,28,26,14,14,10,15,12,14,8,14,8,8,8,8,8,7]} 1. d4 Nf6 2. Nf3 e6 3. Bf4 c5 4. e3 Nc6 5. Nbd2 Be7 6. h3 O-O 7. c3 cxd4 8. exd4 d6 9. Be2 Re8 {A46: 1 d4 Nf6 2 Nf3 e6: Torre, London and Colle Systems} 10. O-O Bf8 11. Nc4 $146 ({Predecessor:} 11. Qc2 Bd7 12. Bg5 h6 13. Bh4 Be7 14. Nc4 {0-1 (35) Duchko,U-Checiak,K (2101) Opatija 2014}) 11... b5 12. Ne3 a6 13. Re1 Ne7 14. a4 Ng6 15. Bh2 Bd7 16. axb5 axb5 17. Qb3 Bc6 18. Nd2 Qd7 19. Bf3 Bxf3 20. Nxf3 Ne4 (20... Rec8 $11) 21. Rxa8 $14 Rxa8 22. Nd5 $36 {[%mdl 2048] [#] And now Nb6 would win. White has the initiative.} Qc6 23. Rxe4 exd5 24. Re1 Qc4 25. Qc2 b4 26. Bg3 bxc3 27. bxc3 h6 28. h4 {[%cal Bh3h4,Bh4h5][%mdl 32]} Qc6 29. h5 Ne7 {[%cal Bg6e7,Be7c6,Bc6a5,Ba5c4][%mdl 32]} 30. Bf4 Rc8 31. Bd2 Qd7 32. Nh2 Nc6 33. Qd3 Na5 34. Qg3 {Bxh6 is the strong threat.} Qf5 {The position is equal.} 35. Bxh6 Qxh5 36. Bf4 Nc4 37. Ng4 Qg6 38. Ne3 {With the idea Qxg6.} Qxg3 39. Bxg3 Nxe3 40. Rxe3 f5 {Accuracy: White = 66%, Black = 72%.} 1/2-1/2